Transparentná vyrovnávacia pamäť pre sieťovú komunikáciu : Diplomová práca

Guardado en:
Detalles Bibliográficos
Autor principal: Vakrčka, Andrej (Autor)
Otros Autores: Steinmüller, Branislav (Orientador)
Formato: Manuscrito Libro
Lenguaje:eslovaco
Publicado: Bratislava : STU v Bratislave FEI, 2000
Materias:
Etiquetas: Agregar Etiqueta
Sin Etiquetas, Sea el primero en etiquetar este registro!

MARC

LEADER 00000ntm a22000003a 4500
001 stu54902
005 20170503130928.6
008 000825s2000----xo------------------slo-d
040 |a STU  |b slo 
041 0 |a slo 
044 |a xo 
100 1 |a Vakrčka, Andrej  |4 aut 
245 1 |a Transparentná vyrovnávacia pamäť pre sieťovú komunikáciu :  |b Diplomová práca 
260 |a Bratislava :  |b STU v Bratislave FEI,  |c 2000 
300 |a 53 s 
650 7 |a informatika  |2 stusub 
700 1 |a Steinmüller, Branislav  |4 ths  |u E220  |U FEI Fakulta elektrotechniky a informatiky  |T FEI Katedra informatiky a výpočtovej techniky  |X 1920  |U E220  |Y 69  |7 1920 
996 |b EDIPL-6229  |c I*DIPL-6229  |l II680  |s A  |a 24  |w stu54902_0001